Μοντέλα για την παρακολούθηση χρηματιστηριακών δεικτών : μεταπτυχιακή διατριβή

Στην παρούσα Διπλωματική Εργασίαμελετάμε την απόδοση του ευρετικού αλγορίθμου ΤΑ για το πρόβλημα παρακολούθησης των χρηματιστηριακών δεικτών. Το πρόβλημα παρακολούθησης του δείκτη συνιστάται στηνελαχιστοποίηση του σφάλματος παρακολούθησης(tracking error) μεταξύ ενός χαρτοφυλακίου και του δείκτη αναφ...

Full description

Saved in:
Bibliographic Details
Main Author: Σαντίκου, Αννίτα
Corporate Author: Πανεπιστήμιο Αιγαίου. Σχολή Θετικών Επιστημών. Τμήμα Στατιστικής και Αναλογιστικών-Χρηματοοικονομικών Μαθηματικών. Μεταπτυχιακό Πρόγραμμα Στατιστική και Αναλογιστικά - Χρηματοοικονομικά Μαθηματικά
Other Authors: Στυλιανού, Στέλλα (dgsf)
Format: Thesis Book
Language:Greek
Published: 2013.
Subjects:
Online Access:http://hdl.handle.net/11610/15503
Tags: Add Tag
No Tags, Be the first to tag this record!

MARC

LEADER 00000cam a2200000 i 4500
001 1/33150
008 130722s2013 gr | ||| |||| ||gre||
035 |l 10115040 
040 |a GR-MyUA  |b gre  |e AACR2 
041 0 |a gre 
082 0 |a 332.6015196   |2 (22) 
100 1 |a Σαντίκου, Αννίτα. 
245 1 0 |a Μοντέλα για την παρακολούθηση χρηματιστηριακών δεικτών :   |b μεταπτυχιακή διατριβή /   |c Αννίτα Σαντίκου ; επιβλέπουσα καθηγήτρια Στέλλα Στυλιανού.  
260 |c 2013.  
300 |a 68 σ. :   |b διάγρ. ;   |c 30 εκ.  
500 |a Μέλη της εξεταστικής επιτροπής: Στυλιανού Στέλλα, Γεωργίου Στέλιος, Ξανθόπουλος Στέλιος.  
502 |a Διατριβή (μεταπτυχιακή) – Πανεπιστήμιο Αιγαίου, Σάμος, 2013.  
504 |a Βιβλιογραφία: σ. 55.  
506 1 |a Διάθεση πλήρους κειμένου ;   |d Ενδοπανεπιστημιακή δημοσίευση.  
520 |a Στην παρούσα Διπλωματική Εργασίαμελετάμε την απόδοση του ευρετικού αλγορίθμου ΤΑ για το πρόβλημα παρακολούθησης των χρηματιστηριακών δεικτών. Το πρόβλημα παρακολούθησης του δείκτη συνιστάται στηνελαχιστοποίηση του σφάλματος παρακολούθησης(tracking error) μεταξύ ενός χαρτοφυλακίου και του δείκτη αναφοράς bench-?mark).Στόχος μας είναι η αναπαραγωγή ενόςσυγκεκριμένου δείκτη υπό την προπόθεσηότι ο αριθμός των μετοχών που έχουμε στο χαρτοφυλάκιο μας είναι μικρότερο από τον αριθμό των μετοχών στο δείκτη αναφοράς.  
540 |a Κλειδωμένη η δυνατότητα αντιγραφής (copy) του κειμένου.  
610 2 0 |a University of the Aegean  |x Dissertations. 
650 0 0 |a Portfolio management  |x Mathematical models. 
650 0 0 |a Mathematical optimization. 
650 0 0 |a Dissertations, Academic  |z Greece. 
700 1 |a Στυλιανού, Στέλλα,  |e dgsf 
710 2 |a Πανεπιστήμιο Αιγαίου.   |b Σχολή Θετικών Επιστημών.   |b Τμήμα Στατιστικής και Αναλογιστικών-Χρηματοοικονομικών Μαθηματικών.   |b Μεταπτυχιακό Πρόγραμμα Στατιστική και Αναλογιστικά - Χρηματοοικονομικά Μαθηματικά. 
852 |a INST  |b SAMOS  |c DIATR  |e 20130722  |h 332.6015196 ΣΑΝ  |p 005300040364  |q 005300040364  |t MTXE  |y 23 
852 |a INST  |b SAMOS  |c DIATR  |e 20130722  |h 332.6015196 ΣΑΝ  |p 005300040365  |q 005300040365  |t MTXE  |y 23 
856 |u http://hdl.handle.net/11610/15503 
901 |a BIBL3-2013-2 
909 |a Σ  |b 178591 
909 |a Σ  |b 178592 
924 |a ΣΑΝΤΙΚΟΥ  |b ΑΝΝΙΤΑ  |y Σάμος  |z 2013-07 
970 |a ΚΟΣΙΕΡΗΣ  |b ΧΡΗΣΤΟΣ  |z 2013/07/22